Frontière de la Turquie - Statistiques

Statistiques générales
  • Ce quiz a été pris 87 fois
  • Le résultat moyen est 7 sur 8
Statistiques - réponses
Km Pays % Correct
268km Arménie
90%
822km Syrie
90%
499km Iran
89%
206km Grèce
88%
331km Irak
85%
252km Géorgie
83%
9km Azerbaïdjan
81%
240km Bulgarie
80%
Aucun quiz correspondant
Distribution des résultats
% des personnes avec chaque résultat
Percentile par nombre de réponses
Votre historique - résultats
Vous n’avez pas pris ce quiz